00613nam a22001697a 4500003000400000082001700004100002000021245007900041260003500120300000800155650001300163653000800176942001200184952011500196952011500311999001700426SGT a615.05bI22M aMARATHA, SUSHMA aInvestigation Of Some Enzyme Modulators For their Antidepressant Potential aGURUGRAMbSGT UNIVERSITYc2022 a102 aPHARMACY aPHD 2ddccTH 00102ddc40718MEDICALaFMbFMcREFd2024-06-20l0o615.05 I22MpDT1638r2024-06-20 00:00:00w2024-06-20yTH 00102ddc40718MEDICALaFMbFMcREFd2024-06-20l0o615.05 I22MpDT1639r2024-06-20 00:00:00w2024-06-20yTH c26480d26480